Osmanlı belgelerinde Ermeniler (1915-1920) / (Record no. 12948)

MARC details
000 -BAŞLIK
Sabit Uzunlukta Kontrol Alanı 00974nam a22002537a 4500
999 ## - SİSTEM KONTROL NUMARALARI (KOHA)
Koha Biblionumber 12948
Koha Biblioitemnumber 12948
003 - KONTROL NUMARASI IDENTIFIER
Denetim Alanı MIRAKIL
005 - SON İŞLEM TARİHİ VE ZAMANI
Denetim Alanı 20190314114749.0
008 - SABİT-BOY VERİ ELEMANLARI - GENEL BİLGİLER
Sabit Uzunlukta Kontrol Alanı 190314b tu ||||| |||| 00| 0 tur d
020 ## - ULUSLARARASI STANDART KİTAP NUMARASI
Uluslararası Standart Kitap Numarası 9751908183
040 ## - KATALOGLAMA KAYNAK
Orijinal Kataloglama Ajansı TR-AnCHP
Metne Dönüştürmek Ajansı TR-AnCHP
041 ## - DİL KODU
Metin / Ses Parça Veya Ayrı Başlığın Dil Kodu tur
082 ## - DEWEY ONLU SINIFLANDIRMA NUMARASI
Sınıflandırma Numarası 956.100491992
Ürün Numarası O7 1995
245 10 - BAŞLIK TABLOSU
Başlık Osmanlı belgelerinde Ermeniler (1915-1920) /
Sorumluluk Tablosu, Vb hazırlayanlar: Ahmet Altıntaş ...[ve öte.] ; İngilizce tercüme: Necla İlemin ,Necla Büyükkırcalı
260 ## - YAYIN, DAĞITIM, VB
Yayın, Dağıtım, Vb Yeri Ankara :
Yayıncı, Dağıtıcı, Vs Adı Devlet Arşivleri Genel Müdürlüğü,
Yayın, Dağıtım, Vb Tarihi 1995.
300 ## - FİZİKSEL TANIM
Kapsam 627 s.:
Boyutlar 24 sm.
490 0# - SERİSİ TABLOSU
Seri Beyanı Devlet Arşivleri Genel Müdürlüğü Osmanlı Arşivi Daire Başkanlığı ;
Hacim / Ardışık Tanımı yayın nu: 14
650 #0 - KONU KATMA GİRİŞ - TOPİKAL DÖNEM
9 (RLIN) 710
Topikal Süreli Veya Coğrafi Ad Giriş Elemanı Osmanlı İmparatorluğu
Genel Alt Bölümü Tarih
-- Ermeniler
650 #0 - KONU KATMA GİRİŞ - TOPİKAL DÖNEM
9 (RLIN) 5447
Topikal Süreli Veya Coğrafi Ad Giriş Elemanı Ermeni olayları
Genel Alt Bölümü Tarih
-- Belgeler
700 ## - KATMA GİRİŞ - KİŞİSEL İSİM
9 (RLIN) 5450
Kişisel Ad Altıntaş, Ahmet
Relator Terim haz.
700 ## - KATMA GİRİŞ - KİŞİSEL İSİM
9 (RLIN) 5451
Kişisel Ad İlemin, Necla
Relator Terim çev.
700 ## - KATMA GİRİŞ - KİŞİSEL İSİM
9 (RLIN) 5452
Kişisel Ad Büyükkırcalı, Necla
Relator Terim çev.
942 ## - EKLENDİ GİRİŞ ELEMANLARI (KOHA)
Sınıflandırma Veya Raf Düzeni Kaynak Dewey Decimal Classification
Koha Öğesi Türü Books
999 ## - SİSTEM KONTROL NUMARALARI (KOHA)
Koha Biblioitemnumber 12947
Holdings
Kalıcı Konum Mevcut Konum Edinme Tarihi Toplam Check-Out'Lar Tam Çağrı Numarası Barkod Tarih Son Görülme İtibaren Geçerli Fiyatlar Koha Öğesi Türü
CHP Kütüphanesi CHP Kütüphanesi 03/14/2019   956.100491992 O75 1995 019008 03/14/2019 03/14/2019 Books